សុបិនកុមារ / (Record no. 4543)

MARC details
000 -LEADER
fixed length control field 03197nam a22003257a 4500
001 - CONTROL NUMBER
control field 4543
003 - CONTROL NUMBER IDENTIFIER
control field FISKH
005 - DATE AND TIME OF LATEST TRANSACTION
control field 20250916111804.0
008 - FIXED-LENGTH DATA ELEMENTS--GENERAL INFORMATION
fixed length control field 240913b cb ||||| |||| 00| 0 eng d
020 ## - INTERNATIONAL STANDARD BOOK NUMBER
International Standard Book Number 9789995094782
040 ## - CATALOGING SOURCE
Original cataloging agency FISKH
Language of cataloging Bilingual
Transcribing agency FISKH
Modifying agency FISKH
050 ## - LIBRARY OF CONGRESS CALL NUMBER
Classification number PZ7
082 ## - DEWEY DECIMAL CLASSIFICATION NUMBER
Classification number 900
100 ## - MAIN ENTRY--PERSONAL NAME
Personal name Sotheary, Kimsun
Relator term editor
245 ## - TITLE STATEMENT
Title សុបិនកុមារ /
Statement of responsibility, etc. រៀបរៀងដោយអ្នកស្រី គឺមស៊ុន សុធារី : វិចិត្រកររូបភាពដោយលោក ថៃ សាន
250 ## - EDITION STATEMENT
Edition statement ចេញផ្សាយខែវិច្ឆិកា ឆ្នាំ២០០៩
260 ## - PUBLICATION, DISTRIBUTION, ETC.
Place of publication, distribution, etc. ភ្នំពេញ :
Name of publisher, distributor, etc. Reading Books ;
Date of publication, distribution, etc. ២០០៩ .
300 ## - PHYSICAL DESCRIPTION
Extent 28 pages :
Other physical details color illustrations ;
Dimensions 26 cm .
490 ## - SERIES STATEMENT
Series statement ពិភពរឿងនិទាន
505 ## - FORMATTED CONTENTS NOTE
Formatted contents note K <br/>
520 ## - SUMMARY, ETC.
Summary, etc. កាលពីយូរលង់ណាស់មកហើយមានប្តីប្រពន្ធពីនាក់ជាមហាសេដ្ធី មានកូនប្រុសម្នាក់ ដោយសារតែកូននោះហូបច្រើនពេកប្តីប្រពន្ធទាំងពីរក៏សម្រេចយកកូនទោចោលនៅទីប៉ាឆា ។ ពេលសុបិនអាយុប្រាំពីរឆ្នាំគេក៏បួសជាសាមណេ ។ ថ្ងៃមួយសុបិនយល់សប្តិ ហើយស្តេចក៏ភ័យខ្លាចសុបិន្តដណ្តើមរាជក៏ចាប់សុបិនដាក់គុក ។ថ្ងៃមួយព្រះរាជាចេញទៅក្រសាលតាមដងទន្លក៏ប្រទះនឺងកម្រងផ្កាអណ្តែតតាមទឹក ទ្រង់ក៏បញ្ជាអោយដោះលែងសុបិនដើម្ពីទៅស្វែងរកម្ចាស់កំរងផ្កា ។​ ក្រោយពីរកម្ចាស់កម្រងផ្កាឃើញហើយសុបិនបែរជាមិនអាចនាំព្រះរាជធីតាបុទុមកេសរា មកថ្វាយព្រះរាជាបានដោយសារចាញ់កលពលសេនារបស់ព្រះរាជា ។​
520 ## - SUMMARY, ETC.
Summary, etc. A long time ago, a couple of millionaires had a son because they ate too much, so the couple decided to leave their first child in Tibet. When he was seven years old, he became a monk. One day he had a dream and the king was afraid to dream of seizing the kingdom and imprisoned him.One day he had a dream and the king was scared. He dreamed of seizing the king and imprisoned him.After finding the owner of the bouquet, the dreamer was unable to bring Princess Botum Kesara to the king due to the defeat of the king's army​ .
521 8# - TARGET AUDIENCE NOTE
Target audience note 510 <br/>
Source Lexile estimate <br/>
521 8# - TARGET AUDIENCE NOTE
Target audience note K <br/>
Source Raz-Plus <br/>
650 ## - SUBJECT ADDED ENTRY--TOPICAL TERM
Topical term or geographic name entry element ព្រះរាជា
Form subdivision រឿងប្រឌិត
650 ## - SUBJECT ADDED ENTRY--TOPICAL TERM
Topical term or geographic name entry element king
Form subdivision fiction
700 ## - ADDED ENTRY--PERSONAL NAME
Personal name San, That
Relator term illustrator
942 ## - ADDED ENTRY ELEMENTS (KOHA)
Source of classification or shelving scheme Dewey Decimal Classification
Koha item type Khmer Books
Suppress in OPAC No
Holdings
Withdrawn status Lost status Source of classification or shelving scheme Damaged status Not for loan Collection Home library Current library Shelving location Date acquired Total Checkouts Full call number Barcode Date last seen Copy number Price effective from Koha item type
    Dewey Decimal Classification     Khmer Language Books / សៀវភៅភាសាខ្មែរ Footprints International School Library Network Toul Tom Poung Campus Footprints International School Library Network Toul Tom Poung Campus TTP Primary Khmer Bookshelves 09/13/2024   SOT PZ7 900 FIS04049 09/13/2024 1 09/13/2024 Khmer Books
    Dewey Decimal Classification     Khmer Language Books / សៀវភៅភាសាខ្មែរ Footprints International School Library Network Toul Tom Poung Campus Footprints International School Library Network Toul Tom Poung Campus TTP Primary Khmer Bookshelves 09/16/2025   SOT PZ7 900 FIS04219 09/16/2025 2 09/16/2025 Khmer Books
    Dewey Decimal Classification     Khmer Language Books / សៀវភៅភាសាខ្មែរ Footprints International School Library Network Toul Tom Poung Campus Footprints International School Library Network Toul Tom Poung Campus TTP Primary Khmer Bookshelves 10/09/2025   SOT PZ7 900 FIS04495 10/09/2025 3 10/09/2025 Khmer Books
    Dewey Decimal Classification     Khmer Language Books / សៀវភៅភាសាខ្មែរ Footprints International School Library Network Toul Tom Poung Campus Footprints International School Library Network Toul Tom Poung Campus TTP Primary Khmer Bookshelves 11/10/2025   SOT PZ7 900 FIS04116 11/10/2025 4 11/10/2025 Khmer Books
    Dewey Decimal Classification     Khmer Language Books / សៀវភៅភាសាខ្មែរ Footprints International School Library Network Toul Tom Poung Campus Footprints International School Library Network Toul Tom Poung Campus TTP Primary Khmer Bookshelves 11/21/2025   SOT PZ7 900 2025-4858 11/21/2025 5 11/21/2025 Khmer Books
    Dewey Decimal Classification     Khmer Language Books / សៀវភៅភាសាខ្មែរ Footprints International School Library Network Toul Tom Poung Campus Footprints International School Library Network Toul Tom Poung Campus TTP Primary Khmer Bookshelves 11/27/2025   SOT PZ7 900 2025-4917 11/27/2025 6 11/27/2025 Khmer Books